000 05006nas a22002657a 4500
003 NALT
005 20250319160109.0
006 a|||p|r|||| 00| 0
007 ta
008 250319b th |||p| |||| 00| 0 tha d
040 _aNALT
041 _atha
245 0 0 _aนิติศาสตร์ มหาวิทยาลัยธรรมศาสตร์ ปีที่ 36 ฉบับที่ 3-4 (ก.ย.-ธ.ค. 2550)
260 _aคณะนิติศาสตร์ มหาวิทยาลัยธรรมศาสตร์
310 _aรายสามเดือน
500 _aวารสารเย็บเล่ม
505 2 _aปีที่ 36 ฉบับที่ 3 ก.ย. 2550 -- บทบาทการเป็นประธานคณะกรรมการอิสระตรวจสอบและค้นหาความจริงเพื่อการปรองดองแห่งชาติ -- การรักษาความลับ: ความจำเป็นในการ อนุญาโตตุลาการ? -- ข้อกำหนดลบล้างหรือจำกัดความรับผิด และข้อกำหนดลดละหน้าที่ให้แก่ผู้ทรงในตั๋วแลกเงิน (ตอนที่หนึ่ง) -- ศาลรัฐธรรมนูญและคดีรัฐธรรมนูญในระบบ กฎหมายสเปน -- เสรีภาพทางวิชาการในระบบกฎหมายเยอรมัน -- ระบบกฎหมายผสม -- สถานะทางกฎหมายของ PayPal ตามกฎหมายของสหรัฐอเมริกาและสหภาพยุโรป -- คำวินิจฉัยเกี่ยวกับการใช้มาตรการตอบโต้การทุ่มตลาดของคณะพิจารณาและองค์กรอุทธรณ์ของ WTO: ผลกระทบทางกฎหมายต่อสหรัฐอเมริกา -- ความร่วมมือระหว่างประเทศ เพื่อการบังคับชำระหนี้ภาษีอากรค้าง -- คำพิพากษาฎีกาที่ 52/2553.
_aปีที่ 36 ฉบับที่ 4 ธ.ค. 2550 -- ทัศนคติของ ผศ.ดร.หัสวุฒิ วิฑิตวิริยกุล ประธานศาลปกครองสูงสุด เกี่ยวกับศาลและการเรียนการสอนกฎหมายในประเทศไทย -- ข้อกำหนดลบล้าง หรือจำกัดความรับผิด และข้อกำหนดลดละหน้าที่ให้แก่ผู้ทรงในตั๋วแลกเงิน (ตอนที่สอง) -- การแก้ไขเพิ่มเติมรัฐธรรมนูญแห่งสาธารณรัฐที่ 5 ของฝรั่งเศส เพื่อการปฏิรูปสถาบัน การเมือง -- อนุสัญญาว่าด้วยการเคลื่อนย้ายซากเรือ -- การแยกกฎหมายพาณิชย์ออกจากกฎหมายแพ่ง -- ชัยชนะของไทนใน WTO: การฟ้องร้องการอุดหนุนน้ำตาลของประชาคม ยุโรป -- คณะกรรมาธิการการคลังแห่งรัฐสภาฝรั่งเศส -- การจัดเก็บภาษีมูลค่าเพิ่มจากการโอนสิทธิเรียกร้อง: ศึกษาเปรียบเทียบภายใต้ความตกลงของกลุ่มสหภาพยุโรป -- ประโยชน์ บางประการเกี่ยวกับระบบค่าฤชาธรรมเนียมในการ ดำเนินคดีแพ่ง -- ประโยชน์ของการอนุญาตให้ใช้สิทธิของ Creative Commons ในระบบลิขสิทธิ์ -- คำพิพากษาฎีกาที่ 4027/2548 -- ไม่อยากดูก็ต้องเลี้ยง.
650 0 _aภาษีมูลค่าเพิ่ม
_95214
850 _aNALT
866 _aปีที่ 36 ฉบับที่ 3 (ก.ย. 2550)
866 _aปีที่ 36 ฉบับที่ 4 (ธ.ค. 2550)
942 _cBOUND
996 _aaroonthip.c
_bLIBSTF
_c2025-03-19
999 _c106406
_d106406
998 _h179
_j179
_k อรุณทิพย์ จันทร์ดิษฐ์